000
00260nam a2200097Ia 4500
001
643101
005
20250826153539.0
008
250824s9999 xx 000 0 und d
245
0
_a
TALİHSİZ SER 9 KARNAVAL UCUBELERİ SC
_c
LEMONY SNICKET
260
_b
DOĞAN EGMONT
999
_c
643101
_d
643101